| 000 | 00696nam a2200217Ia 4500 | ||
|---|---|---|---|
| 003 | GCL | ||
| 008 | 140319s9999 xx 000 0 ara d | ||
| 040 |
_aGCL / _cGCL |
||
| 082 | 0 | 4 |
_aق _b962.04 _bح ق |
| 100 | 1 | _aالحزب الوطنى | |
| 245 | 1 | 0 |
_aالقضية المصرية: ترجمة تقرير الحزب الوطنى لمؤتمر السلام / _cالحزب الوطنى |
| 260 |
_a[S.N] : _bدار الكتب المصرية |
||
| 300 | _a280 ص | ||
| 490 | _a | ||
| 650 | 0 | 4 | _aمصر |
| 650 | 0 | 4 | _aتاريخ |
| 650 | 0 | 4 | _aالاحوال الاجتماعية |
| 650 | 0 | 4 | _aالاحوال السياسية |
| 650 | 0 | 4 | _aالاحوال الاقتصادية |
| 942 |
_2ddc _cBK |
||
| 999 |
_c58435 _d58435 |
||